Catálogo
 En Linea

Pandemia y protección social : (Registro nro. 59563)

Detalles MARC
000 -CABECERA
campo de control de longitud fija 01824nam a2200313 i 4500
003 - IDENTIFICADOR DEL NÚMERO DE CONTROL
campo de control DO-SdBNP
005 - FECHA Y HORA DE LA ÚLTIMA TRANSACCIÓN
campo de control 20250716145048.0
007 - CAMPO FIJO DE DESCRIPCIÓN FÍSICA--INFORMACIÓN GENERAL
campo de control de longitud fija ta
008 - DATOS DE LONGITUD FIJA--INFORMACIÓN GENERAL
campo de control de longitud fija 250716b2022 dr d r 00| 0 spa d
020 ## - NÚMERO INTERNACIONAL ESTÁNDAR DEL LIBRO
Número Internacional Estándar del Libro 9789945509267
040 ## - FUENTE DE LA CATALOGACIÓN
Centro catalogador/agencia de origen DO-SdBNP
Lengua de catalogación spa
Centro/agencia transcriptor BNPHU
Normas de descripción rda
082 #4 - NÚMERO DE LA CLASIFICACIÓN DECIMAL DEWEY
Número de clasificación xxxx
Número de documento/Ítem F363
Número de edición 22
100 1# - ENTRADA PRINCIPAL--NOMBRE DE PERSONA
Nombre de persona Fernández Florencio, Katherine
9 (RLIN) 87932
Término indicativo de función/relación autora
Código de función/relación aut.
245 10 - MENCIÓN DE TÍTULO
Título Pandemia y protección social :
Resto del título análisis especializado con base en la encuesta de cultura política y cambio climático en Repùblica Dominicana /
Mención de responsabilidad, etc. Katherine Fernández Florencio, Alexandra Viloria
264 #1 - PRODUCCIÓN, PUBLICACIÓN, DISTRIBUCIÓN, FABRICACIÓN Y COPYRIGHT
Producción, publicación, distribución, fabricación y copyright Santo Domingo :
Nombre del de productor, editor, distribuidor, fabricante Fundación Friedrich Ebert Stiftung,
Fecha de producción, publicación, distribución, fabricación o copyright 2022.
300 ## - DESCRIPCIÓN FÍSICA
Extensión 14 páginas
Otras características físicas grafícas
Dimensiones 30 cm.
336 ## - TIPO DE CONTENIDO
Término de tipo de contenido texto
Código de tipo de contenido txt
Fuente rdacontent
337 ## - TIPO DE MEDIO
Nombre/término del tipo de medio sin mediación
Código del tipo de medio n
Fuente rdamedia
338 ## - TIPO DE SOPORTE
Nombre/término del tipo de soporte volumen
Código del tipo de soporte nc
Fuente rdacurrier
490 1# - MENCIÓN DE SERIE
Mención de serie Trabajo y justicia social ;
490 1# - MENCIÓN DE SERIE
Mención de serie Perspectiva ;
500 ## - NOTA GENERAL
Nota general Incluye datos biográficos de las autoras en la última página.
504 ## - NOTA DE BIBLIOGRAFÍA, ETC.
Nota de bibliografía, etc. Bibliografía p: 14
520 ## - SUMARIO, ETC.
Sumario, etc. La pandemia de COVID-19 desató una profunda crisis sanitaria que desaceleró el crecimiento socioeconómico globalmente.<br/>Para enfrentar la pandemia, el Estado dominicano implementó estrategias de intervención en el sistema de salud, la protección social, el empleo y el control social que afectaron la economía, pero tuvieron resultados más positivos que muchos otros países de la región.<br/>Aunque la economía dominicana se ha recuperado, dicho avance no ha sido inclusivo ni equitativo. Gracias al turismo, el panorama de crecimiento económico es positivo, pero se mantienen los desafíos en materia de protección social y salud equitativa.
590 ## - NOTA LOCAL (RLIN)
Nota local Inventariado, 2025/ YL
700 ## - PUNTO DE ACCESO ADICIONAL--NOMBRE DE PERSONA
Nombre de persona Viloria, Alexandra
Término indicativo de función/relación prologuista
Código de función/relación pr.
9 (RLIN) 83929
910 ## - DATOS DE OPCIÓN DEL USUARIO (OCLC)
Datos de opción del usuario YLockward
942 ## - ELEMENTOS DE PUNTO DE ACCESO ADICIONAL (KOHA)
Fuente del sistema de clasificación o colocación Dewey Decimal Classification
Tipo de ítem Koha Folleto
Existencias
Estado de retiro Estado de pérdida Fuente del sistema de clasificación o colocación Restricciones de uso No para préstamo Código de colección Localización permanente Ubicación/localización actual Ubicación en estantería Fecha de adquisición Fuente de adquisición Total de préstamos Signatura topográfica completa Código de barras Fecha visto por última vez Precio válido a partir de Tipo de ítem Koha
    Dewey Decimal Classification Excluido de préstamo   Patrimonio Dominicano Folletos Biblioteca Nacional Pedro Henríquez Ureña Biblioteca Nacional Pedro Henríquez Ureña En encuadernación 28.11.2022 Donado por Isaolyn Mieses   BNPHU PD Xxx F363 2025-6638 16.07.2025 16.07.2025 Folleto

Con tecnología Koha